000
00240 a2200097 4500
001
29929
100
_a
Army Material Command
245
_a
Ordnance Engineering design handbook (Servomechanism)
260
_a
_b
AMC
_c
090
_c
19932
_d
19932
942
_a
NUST-CAE
_c
M
_c
11038
999
_c
265002
_d
265002